000 00421pab a2200157 454500
008 180718b2003 xxu||||| |||| 00| 0 eng d
100 _aSharma, S.
245 _aEconomic contribution of women workers and development of family members: a note
260 _c2003
300 _ap.399-403.
362 _aOct
650 _aWomen workers
700 _aOgale, N.
773 _aIndian Journal of Economics
909 _a58981
999 _c58981
_d58981